000 00303nam a2200133Ia 4500
005 20251222155211.0
008 251222s9999||||xx |||||||||||||| ||spa||
082 _aMAN.86
100 _aEl Comercio
245 0 _aVivir Mejor Guia Familiar
250 _a1ra. ed.
264 _bEl Comercio
942 _cLIB
999 _c40308
_d40308